| 000 | 00772nam a22002177a 4500 | ||
|---|---|---|---|
| 999 |
_c10513 _d10513 |
||
| 003 | AR-CdUCM | ||
| 008 | 190401b ||||| |||| 00| 0 spa d | ||
| 040 |
_aMUNICIPALIDAD PROVINCIAL DEL CUSCO _cBIBLIOTECA MUNICIPAL DEL CUSCO |
||
| 082 |
_a869.6308 / _bZ21 E /1968 |
||
| 100 |
_aZalamea, Jorge, _959 |
||
| 245 | _aEl gran Burundún-Burundá ha muerto / | ||
| 260 |
_aLa Habana : _bCasa de las Américas, _c1968. |
||
| 300 |
_a220 paginas ; _c15 cm. |
||
| 440 |
_aColeccion la honda _98771 |
||
| 505 | _aContenido : El gran Burundún-Burundá ha muerto -- La metamorfosis de su excelencia -- Ensayo critico de Alfredo Iriarte. | ||
| 650 |
_aBurundún _927421 |
||
| 650 |
_aMuerte _92924 |
||
| 650 |
_aLiteratura Cubana _9668 |
||
| 942 |
_2ddc _cLIBROS |
||
| 945 | _awnts | ||